Luis Barragan: clásico del silencio. Enrique X. de Anda Alanis
Guardat en:
| Autor corporatiu: | , |
|---|---|
| Format: | Llibre |
| Idioma: | espanyol |
| Publicat: |
Bogotá
Universidad de los Andes y Escala
1989
|
| Edició: | 1a. ed |
| Col·lecció: | Colección SomoSur, 6
|
| Matèries: | |
| Etiquetes: |
Afegir etiqueta
Sense etiquetes, Sigues el primer a etiquetar aquest registre!
|
MARC
| LEADER | 00000cam a2200000 a 4500 | ||
|---|---|---|---|
| 001 | UCD8937 | ||
| 003 | CL-VaPUC | ||
| 008 | 170527e19890000ck |||||||||||||||||spa|d | ||
| 020 | |a 9589082440o.c | ||
| 020 | |a 9082513 | ||
| 082 | 0 | 4 | |a 724.6 |b COL |2 21 |
| 110 | 2 | |a Colegio de Arquitectos de México |e author |9 592550 | |
| 710 | 2 | |a Sociedad de Arquitectos Mexicanos |e author |9 592551 | |
| 245 | 1 | 0 | |a Luis Barragan: clásico del silencio. Enrique X. de Anda Alanis |
| 250 | |a 1a. ed | ||
| 300 | |a 239 p | ||
| 942 | |c BK | ||
| 945 | |d 20170527 00:32:00 |a arojas | ||
| 260 | |a Bogotá |b Universidad de los Andes y Escala |c 1989 | ||
| 600 | 0 | 7 | |a BARRAGAN MORFIN, LUIS |2 CL-VaPUC |9 266242 |
| 650 | 0 | |a Arquitectura moderna |9 265021 | |
| 650 | 0 | |a Arquitectos mexicanos |9 266243 | |
| 651 | 0 | |a México |9 255269 | |
| 583 | |a last modification |c 20170527 00:32:00 |k Rodrigo Vera | ||
| 490 | 0 | |a Colección SomoSur, 6 | |
| 999 | |c 368243 |d 368241 | ||
| 952 | |0 0 |1 0 |3 erd |4 0 |6 724_600000000000000_COL_1989 |7 0 |8 A |9 483516 |a BIBARQ |b BIBARQ |i 5378753 |l 3 |m 1 |o 724.6 COL 1989 |p 5378753 |r 2025-03-17 |s 2025-03-17 |w 2019-11-24 |y BK |z Catalogado en:20170527 |k ARQ | ||